[Event "IND-chT (Women) 13th"]
[Site "Goa"]
[Date "2015.02.26"]
[Round "7"]
[White "Amisha, Arunjay Kumar"]
[Black "Mahalakshmi, Muganda Kumar"]
[Result "0-1"]
[WhiteElo "1115"]
[BlackElo "1992"]
[PlyCount "118"]
[EventDate "2015.02.20"]
[EventType "team-tourn"]
[EventRounds "7"]
[EventCountry "IND"]
[SourceTitle "CBM 165 Extra"]
[Source "ChessBase"]
[SourceDate "2015.04.21"]
[SourceVersion "1"]
[SourceVersionDate "2015.04.21"]
[SourceQuality "1"]
[WhiteTeam "Goa State (W) II"]
[BlackTeam "Petroleum Sports (W)"]
[WhiteTeamCountry "IND"]
[BlackTeamCountry "IND"]

1. e4 c6 2. d4 d5 3. Nc3 dxe4 4. Nxe4 Bf5 5. Ng3 Bg6 6. Nf3 Nd7 7. Bc4 e6 8. Qe2 Bd6 9. 0-0 Qe7 10. Bb3 Ngf6 11. c4 0-0 12. Ne5 c5 13. Nxg6 hxg6 14. Be3 cxd4 15. Bxd4 Bc5 16. Bxc5 Nxc5 17. Bc2 Qc7 18. b4 Ncd7 19. Rfd1 Rac8 20. Bb3 Qb6 21. a3 a5 22. c5 Nxc5 23. bxc5 Qxb3 24. Rdc1 Rc7 25. Qd2 Qa4 26. Ne2 Rfc8 27. Qd6 Ne4 28. Qb6 Nxc5 29. Rd1 Qc6 30. Qb1 Qe4 31. Qxe4 Nxe4 32. f3 Nf6 33. Rd2 Nd5 34. a4 Rc4 35. Kf2 Rb4 36. h3 Rcc4 37. Rda2 Kf8 38. Ke1 Nb6 39. Kd2 Rxa4 40. Rxa4 Rxa4 41. Rxa4 Nxa4 42. Kc2 Ke7 43. Kb3 Nb6 44. Nc1 Kd6 45. Ka3 Ke5 46. g3 Kd4 47. Nb3+ Ke3 48. Nxa5 Kxf3 49. Nxb7 Kxg3 50. Nd6 f5 51. Kb3 f4 52. Kc3 f3 53. Ne4+ Kg2 54. Kd2 f2 55. Nxf2 Kxf2 56. Kd3 Kg3 57. Ke3 Kxh3 58. Kf4 Kh4 59. Ke5 g5 0-1